| 000 | 00655nam a2200229 a 4500 | ||
|---|---|---|---|
| 001 | 2618880 | ||
| 005 | 20180307032442.0 | ||
| 008 | 981028s1999 txua b 001 0 eng | ||
| 010 | _a 98085111 | ||
| 020 | _a0030224721 | ||
| 040 |
_aDLC _cDLC |
||
| 041 | _aeng | ||
| 080 | _a658 lou | ||
| 082 | 0 | 0 |
_a658 lou _221 |
| 100 | 1 | _a60 | |
| 101 | _abus | ||
| 245 | 1 | 0 |
_aContemporary business / _cLouis E. Boone, David L. Kurtz. |
| 504 | _aIncludes bibliographical references and indexes. | ||
| 906 |
_a7 _bcbc _corignew _d2 _eopcn _f19 _gy-gencatlg |
||
| 942 |
_2ddc _cBK |
||
| 999 |
_c44242 _d44242 |
||